[Event "Mechanics' Fall TNM; G/2"]
[Site "San Francisco"]
[Date "2015.12.08"]
[Round "8.34"]
[White "Allen, Tom Carter"]
[Black "Mathrubootham, Gan"]
[Result "1-0"]
[WhiteElo "1560"]
[BlackElo "1346"]
[PlyCount "79"]
[EventDate "2015.??.??"]

1. e4 e6 2. d4 d5 3. Nd2 Nf6 4. e5 Nfd7 5. Bd3 c5 6. c3 Nc6 7. Ngf3 cxd4 8.
cxd4 Be7 9. O-O O-O 10. Qc2 h6 11. a3 f6 12. exf6 Nxf6 13. b4 Qb6 14. Nb3 a6
15. Be3 Bd7 16. Ne5 Qd8 17. Ng6 Rf7 18. Nxe7+ Rxe7 19. Nc5 Qc7 20. Qd2 Ng4 21.
Bf4 e5 22. dxe5 Ngxe5 23. Nxd7 Qxd7 24. Be2 Nc4 25. Qa2 Nxa3 26. Rad1 Kh8 27.
Be3 Nxb4 28. Qxa3 Nc2 29. Qd3 Nxe3 30. fxe3 Qe6 31. Rf3 Rd8 32. Rdf1 Qc8 33.
Rf4 Rde8 34. R1f3 Rxe3 35. Rxe3 Qc1+ 36. Kf2 Qc5 37. Kf3 Rc8 38. Rf5 Qc6 39.
Qxd5 Qg6 40. Qe6 1-0

[Event "Mechanics' Leighton Allen TNM; G/2"]
[Site "San Francisco"]
[Date "2015.09.29"]
[Round "9.21"]
[White "Allen, Tom Carter"]
[Black "Robertson, Guy R"]
[Result "0-1"]
[WhiteElo "1541"]
[BlackElo "1480"]
[PlyCount "66"]
[EventDate "2015.??.??"]

1. e4 c5 2. d4 cxd4 3. c3 dxc3 4. Nxc3 Nc6 5. Nf3 e6 6. Bc4 Bc5 7. Na4 Qa5+ 8.
Nc3 a6 9. Bd2 Qc7 10. a4 Nge7 11. O-O O-O 12. Ne2 d5 13. exd5 exd5 14. Bf4 Qd8
15. Bd3 Ng6 16. Rc1 Ba7 17. Nc3 Nxf4 18. Bb1 Ng6 19. Nxd5 Bg4 20. h3 Bxf3 21.
Qxf3 Nd4 22. Qh5 Qh4 23. Qd1 Rad8 24. Ne3 Ne6 25. Qb3 Nef4 26. Rfe1 Bxe3 27.
Qxe3 Ne6 28. Bxg6 hxg6 29. b3 Qf4 30. Qb6 Rd7 31. Rc4 Qd6 32. Qe3 Qd3 33. Qc1
Qxb3 0-1

[Event "Mechanics' Leighton Allen TNM; G/2"]
[Site "San Francisco"]
[Date "2015.09.01"]
[Round "5.37"]
[White "Allen, Tom Carter"]
[Black "Tan, Jacky T"]
[Result "1-0"]
[WhiteElo "1541"]
[BlackElo "1112"]
[PlyCount "39"]
[EventDate "2015.??.??"]

1. e4 c5 2. d4 cxd4 3. c3 dxc3 4. Nxc3 Nc6 5. Nf3 d6 6. Bc4 Bg4 7. Bxf7+ Kxf7
8. Ng5+ Ke8 9. Qxg4 Nf6 10. Qe2 Qd7 11. O-O e6 12. Nf3 Be7 13. Rd1 Qc7 14. Bg5
a6 15. Rac1 Kf7 16. Bf4 e5 17. Bg5 Rac8 18. Bxf6 Bxf6 19. Nd5 Nd4 20. Rxc7+ 1-0

[Event "Mechanics' Leighton Allen TNM; G/2"]
[Site "San Francisco"]
[Date "2015.08.10"]
[Round "2.1"]
[White "Alvarez, Gil"]
[Black "Critelli, James Ma"]
[Result "0-1"]
[WhiteElo "2003"]
[BlackElo "2376"]
[PlyCount "58"]
[EventDate "2015.??.??"]

1. e4 c5 2. Nf3 d6 3. d4 cxd4 4. Nxd4 Nf6 5. Nc3 a6 6. Be2 e5 7. Nb3 Be7 8. Be3
Qc7 9. f3 O-O 10. g4 Be6 11. Qd2 Nbd7 12. O-O-O b5 13. g5 Nh5 14. Nd5 Bxd5 15.
Qxd5 Nb6 16. Bxb6 Qxb6 17. Qd2 a5 18. Kb1 Nf4 19. Rdg1 Rad8 20. Bd1 b4 21. Nc1
d5 22. Qe1 a4 23. Rg4 dxe4 24. Qxe4 Nd5 25. Qxe5 a3 26. Rd4 Qb7 27. Re1 axb2
28. Kxb2 Bc5 29. Rc4 Qa6 0-1

[Event "Mechanics' Leighton Allen TNM; G/2"]
[Site "San Francisco"]
[Date "2015.09.15"]
[Round "7.6"]
[White "Alvarez, Gil"]
[Black "Drane, Robert W"]
[Result "1-0"]
[WhiteElo "2003"]
[BlackElo "1909"]
[PlyCount "61"]
[EventDate "2015.??.??"]

1. e4 e6 2. d4 d5 3. e5 c5 4. dxc5 Qc7 5. Nf3 Bxc5 6. Bd3 Nc6 7. Qe2 Bd7 8. O-O
Nge7 9. c3 f6 10. b4 Bb6 11. exf6 gxf6 12. b5 Nd8 13. Nd4 e5 14. Qh5+ Nf7 15.
Nf5 Nxf5 16. Bxf5 Bc5 17. a4 Rf8 18. Bxd7+ Qxd7 19. Ba3 Bxa3 20. Nxa3 O-O-O 21.
c4 d4 22. c5 Rg8 23. f3 Kb8 24. c6 bxc6 25. bxc6 Qe7 26. Rfb1+ Ka8 27. Rb7 Qc5
28. Qxf7 d3+ 29. Kf1 d2 30. Rd1 a6 31. Nc4 1-0

[Event "Mechanics' Leighton Allen TNM; G/2"]
[Site "San Francisco"]
[Date "2015.08.04"]
[Round "1.15"]
[White "Alvarez, Gil"]
[Black "Eastham, Asher Dan"]
[Result "1-0"]
[WhiteElo "2003"]
[BlackElo "1462"]
[Annotator "Donaldson"]
[PlyCount "45"]
[EventDate "2015.??.??"]

1. e4 e5 2. Nf3 Nc6 3. Bb5 a6 4. Ba4 Nf6 5. O-O Nxe4 6. Re1 Nc5 7. Bxc6 dxc6 8.
Nxe5 Be6 9. Qf3 Be7 10. c3 Qd5 11. d4 Qxf3 12. Nxf3 Nd7 13. Ng5 Bd5 14. Bf4 h6
15. Nf3 Rc8 16. Nbd2 Be6 17. c4 O-O $2 {Diagram #} (17... Nf6 $11) 18. d5 $1
cxd5 19. cxd5 Bxd5 20. Rxe7 Be6 21. Nd4 Nf6 22. Nxe6 fxe6 23. Rxe6 1-0

[Event "Mechanics' Leighton Allen TNM; G/2"]
[Site "San Francisco"]
[Date "2015.09.01"]
[Round "5.13"]
[White "Alvarez, Gil"]
[Black "Furukawa, Jon"]
[Result "1-0"]
[WhiteElo "2003"]
[BlackElo "1603"]
[Annotator "Donaldson"]
[PlyCount "63"]
[EventDate "2015.??.??"]

1. e4 d6 2. d4 Nf6 3. Bd3 g6 4. Nf3 Bg7 5. O-O O-O 6. c3 e5 $2 (6... Nbd7) 7.
dxe5 dxe5 8. Nxe5 Qe7 (8... Nxe4 9. Nxf7) 9. Nf3 Rd8 10. Qc2 Nc6 11. Bf4 Bg4
12. Nbd2 Rac8 13. h3 Be6 14. e5 Nd7 15. Bg5 f6 16. exf6 Bxf6 17. Ne4 Bxg5 18.
Nexg5 Nde5 19. Bb5 Nxf3+ 20. Nxf3 Bd5 21. Rfe1 Qf6 22. Bxc6 bxc6 23. Re3 Re8
24. Rae1 Rxe3 25. Rxe3 Rf8 26. c4 Be6 27. Qe4 Bf7 28. Qd4 Qxd4 29. Nxd4 Bxc4
30. Nxc6 Bxa2 31. Ra3 Bd5 $4 (31... Bf7 32. Ne7+) 32. Ne7+ 1-0

[Event "Mechanics' Fall TNM; G/2"]
[Site "San Francisco"]
[Date "2015.11.24"]
[Round "6.17"]
[White "Alvarez, Gil"]
[Black "Hack, Richard"]
[Result "1-0"]
[WhiteElo "2003"]
[BlackElo "1670"]
[PlyCount "69"]
[EventDate "2015.??.??"]

1. e4 e5 2. Nf3 Nc6 3. Bb5 a6 4. Ba4 Nf6 5. O-O Nxe4 6. d4 b5 7. Bb3 d5 8. dxe5
Be6 9. c3 Bc5 10. Nbd2 O-O 11. Bc2 Nxd2 12. Qxd2 Ne7 13. Nd4 Qd7 14. Qd3 g6 15.
Be3 Bxd4 16. cxd4 Bf5 17. Qd2 Bxc2 18. Qxc2 Nf5 19. Rac1 Rac8 20. Qc6 Qxc6 21.
Rxc6 a5 22. g4 Ne7 23. Rc5 c6 24. Bg5 Rfe8 25. Rfc1 h5 26. Bxe7 Rxe7 27. gxh5
Re6 28. Rxb5 cxb5 29. Rxc8+ Kg7 30. Rc5 gxh5 31. Rxb5 Rg6+ 32. Kf1 Rg4 33. Rxd5
a4 34. f3 Rg6 35. Rd6 1-0

[Event "Mechanics' Fall TNM; G/2"]
[Site "San Francisco"]
[Date "2015.12.08"]
[Round "8.10"]
[White "Alvarez, Gil"]
[Black "Kuczek, Kevin W"]
[Result "1-0"]
[WhiteElo "2003"]
[BlackElo "1611"]
[PlyCount "85"]
[EventDate "2015.??.??"]

1. e4 e5 2. Nf3 Nc6 3. Bb5 Nf6 4. O-O Nxe4 5. d4 Nd6 6. Bxc6 dxc6 7. dxe5 Ne4
8. Qe2 Bf5 9. Rd1 Qc8 10. Rd4 Nc5 11. Nc3 Be7 12. a3 Ne6 13. Rd1 O-O 14. Be3
Rd8 15. b4 Bg4 16. h3 Bh5 17. Ne4 Rd5 18. g4 Bg6 19. Ng3 Qe8 20. c4 Rxd1+ 21.
Rxd1 Rd8 22. Nf5 h6 23. Rd2 a6 24. Kh2 Rxd2 25. Qxd2 Qd8 26. Kg3 Kf8 27. Qxd8+
Bxd8 28. N3d4 Nxd4 29. Bxd4 Be7 30. f4 b6 31. Nxe7 Kxe7 32. f5 Bh7 33. a4 h5
34. Kf4 hxg4 35. hxg4 g6 36. f6+ Ke6 37. g5 Bg8 38. Ke4 Kd7 39. a5 b5 40. cxb5
cxb5 41. Kd5 c6+ 42. Kc5 Kc7 43. Be3 1-0

[Event "Mechanics' Leighton Allen TNM; G/2"]
[Site "San Francisco"]
[Date "2015.09.29"]
[Round "9.7"]
[White "Alvarez, Gil"]
[Black "Newey, Richard H"]
[Result "1-0"]
[WhiteElo "2003"]
[BlackElo "1856"]
[Annotator "Donaldson"]
[PlyCount "59"]
[EventDate "2015.??.??"]

1. e4 c5 2. Nf3 d6 3. d4 cxd4 4. Nxd4 Nc6 5. Nc3 Nf6 6. Be2 g6 7. Be3 Bg7 8.
Qd2 Ng4 9. Bxg4 Bxg4 10. f3 Bd7 11. O-O-O O-O 12. h4 Ne5 13. Bh6 $2 Nc4 $1 14.
Qg5 {Diagram [#]} f6 $2 (14... Qb6 $1 15. b3 (15. Nb3 Bf6 16. Qg3 (16. Qd5 Rfc8
) 16... Bxc3 17. bxc3 a5 $19) 15... Qb4 16. Nb1 f6 17. Qd5+ Rf7 18. Qxc4 (18.
Bxg7 Ne3) 18... Qxc4 19. bxc4 Bxh6+ $17) 15. Qd5+ e6 16. Qxc4 Bxh6+ 17. Kb1 Re8
18. h5 Rc8 19. Qb3 Bf4 20. hxg6 hxg6 21. Nde2 Be5 22. f4 Bxc3 23. Nxc3 Qc7 24.
f5 gxf5 25. exf5 Qc4 26. Qxb7 Rc7 27. Qf3 Bc6 28. Qh5 Rg7 29. Rxd6 exf5 30.
Rxf6 1-0

[Event "Mechanics' Fall TNM; G/2"]
[Site "San Francisco"]
[Date "2015.10.27"]
[Round "2.15"]
[White "Alvarez, Gil"]
[Black "Smith, David A"]
[Result "1-0"]
[WhiteElo "2003"]
[BlackElo "1449"]
[PlyCount "47"]
[EventDate "2015.??.??"]

1. e4 c5 2. Nf3 Nc6 3. d4 cxd4 4. c3 dxc3 5. Nxc3 g6 6. Bc4 Bg7 7. O-O Nf6 8.
e5 Ng4 9. Bxf7+ Kf8 10. Bb3 Ngxe5 11. Nxe5 Nxe5 12. f4 Nf7 13. f5 Qb6+ 14. Kh1
Bf6 15. Qd5 Ne5 16. fxg6 Kg7 17. gxh7 e6 18. Qd2 Rxh7 19. Rxf6 Rxh2+ 20. Kxh2
Ng4+ 21. Kh1 Nxf6 22. Qg5+ Kf7 23. Be3 Qb4 24. Rf1 1-0

[Event "Mechanics' Fall TNM; G/2"]
[Site "San Francisco"]
[Date "2015.11.10"]
[Round "4.6"]
[White "Alvarez, Gil"]
[Black "Tsodikova, Natalya"]
[Result "0-1"]
[WhiteElo "2003"]
[BlackElo "2164"]
[PlyCount "95"]
[EventDate "2015.??.??"]

1. e4 c5 2. Nf3 d6 3. d4 cxd4 4. Nxd4 Nf6 5. Nc3 a6 6. Be2 e5 7. Nb3 Be6 8. Bg5
Be7 9. O-O O-O 10. Qd2 Nbd7 11. Rad1 b5 12. a3 Rc8 13. f4 Qb6+ 14. Kh1 Rfd8 15.
f5 Bc4 16. Bd3 a5 17. Be3 Nc5 18. Qe2 Bxd3 19. Rxd3 b4 20. Nd5 Nxd5 21. Rxd5
Qc7 22. Nxc5 dxc5 23. f6 Rxd5 24. Qg4 Bxf6 25. exd5 Be7 26. Bh6 Bf8 27. d6 Qc6
28. Qf5 f6 29. Qe6+ Kh8 30. Rxf6 gxh6 31. Qf7 Rd8 32. d7 Qxd7 33. Qxd7 Rxd7 34.
Rxf8+ Kg7 35. Rf1 Rd2 36. axb4 cxb4 37. Rc1 e4 38. Kg1 Kf6 39. b3 Ke5 40. Ra1
Rxc2 41. Rxa5+ Kd4 42. Rb5 Kc3 43. Re5 Kxb3 44. Rxe4 Ka3 45. Re7 b3 46. Ra7+
Kb2 47. Rxh7 Rc6 48. g4 {...?} 0-1

[Event "Mechanics' Fall TNM; G/2"]
[Site "San Francisco"]
[Date "2015.12.15"]
[Round "9.10"]
[White "Alzhin, Leonid"]
[Black "Gaffagan, Steven"]
[Result "1/2-1/2"]
[WhiteElo "1763"]
[BlackElo "2066"]
[Annotator "Donaldson"]
[PlyCount "77"]
[EventDate "2015.??.??"]

1. d4 Nf6 2. Nf3 c5 3. e3 g6 4. g3 Bg7 5. Bg2 O-O 6. O-O d6 7. c4 Nbd7 8. Nc3
Rb8 9. Rb1 a6 10. b4 b5 11. cxb5 axb5 12. bxc5 b4 13. Na4 Ba6 14. Re1 dxc5 15.
dxc5 Qc7 16. c6 Qxc6 17. Ne5 Qe6 18. Nc6 Rbc8 19. Nxb4 Bc4 20. a3 Rfd8 21. e4
Nb6 22. Nd5 Nbxd5 23. exd5 Qf5 24. Nc3 Bd3 25. Bb2 Ng4 26. Bf3 Nxf2 27. Kxf2
Bxc3 28. Bxc3 Rxc3 29. Rb2 Rdc8 30. Rxe7 Rc1 31. g4 Qf6 32. Re8+ Kg7 33. Qxd3
Rxe8 34. Rd2 Rce1 35. d6 h6 36. d7 Qb6+ 37. Kg2 Qg1+ 38. Kh3 R8e3 39. Qd4+ {
with both players having seconds left they agreed to a draw. After 39...Kh7
Black is winning.} 1/2-1/2

[Event "Mechanics' Fall TNM; G/2"]
[Site "San Francisco"]
[Date "2015.11.24"]
[Round "6.11"]
[White "Alzhin, Leonid"]
[Black "Manvelyan, Hovik"]
[Result "0-1"]
[WhiteElo "1763"]
[BlackElo "2026"]
[PlyCount "110"]
[EventDate "2015.??.??"]

1. e4 c6 2. Nf3 d5 3. exd5 cxd5 4. Bb5+ Bd7 5. Bxd7+ Qxd7 6. O-O Nc6 7. Re1 e6
8. d4 Nf6 9. b3 Bb4 10. Nbd2 Bc3 11. Ba3 Bxa1 12. Qxa1 Ne7 13. c4 O-O 14. Ne5
Qd8 15. c5 Nc6 16. Ndf3 Qa5 17. Bb2 Ne4 18. Nxc6 bxc6 19. Ne5 Rac8 20. f3 Nf6
21. a3 Qb5 22. b4 Qa4 23. Qd1 Qxd1 24. Rxd1 a6 25. Kf2 Rc7 26. Ke3 Nd7 27. Nd3
f6 28. f4 Kf7 29. Kf3 Rb8 30. Bc3 Nf8 31. h3 h6 32. g3 g5 33. Rf1 Ng6 34. Kg4
gxf4 35. Nxf4 Nxf4 36. Kxf4 Rcc8 37. Rf3 Rg8 38. h4 h5 39. Ke3 Rg4 40. Kf2 Ke7
41. Ke3 Rf8 42. Kd3 Rfg8 43. Be1 Re4 44. Bc3 Rgg4 45. a4 f5 46. Kc2 f4 47. gxf4
Rexf4 48. Rh3 Rxh4 49. Re3 Rh2+ 50. Kb3 h4 51. b5 cxb5 52. axb5 axb5 53. Kb4
Rg2 54. Kxb5 Rg3 55. Re5 Rxc3 0-1

[Event "Mechanics' Fall TNM; G/2"]
[Site "San Francisco"]
[Date "2015.10.27"]
[Round "2.9"]
[White "Alzhin, Leonid"]
[Black "Traub, Igor Vladim"]
[Result "0-1"]
[WhiteElo "1763"]
[BlackElo "2096"]
[PlyCount "70"]
[EventDate "2015.??.??"]

1. d4 Nf6 2. Nf3 g6 3. g3 Bg7 4. Bg2 d6 5. O-O O-O 6. c4 Nbd7 7. Qc2 e5 8. e3
Re8 9. Nc3 c6 10. b4 a5 11. b5 e4 12. Nd2 d5 13. Rb1 Bf8 14. Rd1 h5 15. Qa4 Bb4
16. bxc6 bxc6 17. Bb2 Nb6 18. Qc2 Ba6 19. a3 Bf8 20. Bf1 Ng4 21. Ndxe4 dxe4 22.
Nxe4 Nd7 23. Bg2 Rc8 24. c5 Ndf6 25. h3 Nxe4 26. Bxe4 Nf6 27. Bxg6 fxg6 28.
Qxg6+ Bg7 29. Ba1 Rf8 30. Rb6 Bc4 31. Rdb1 Bf7 32. Qf5 Qd5 33. Qf4 Ne4 34. Rb7
Nd2 35. Rd1 Bg6 0-1

[Event "Mechanics' Leighton Allen TNM; G/2"]
[Site "San Francisco"]
[Date "2015.09.29"]
[Round "9.5"]
[White "Anderson, Michael"]
[Black "Basak, Aniruddha"]
[Result "0-1"]
[WhiteElo "1943"]
[BlackElo "2165"]
[PlyCount "74"]
[EventDate "2015.??.??"]

1. e4 c5 2. d4 cxd4 3. c3 dxc3 4. Nxc3 Nc6 5. Nf3 e6 6. Bc4 a6 7. O-O d6 8. Qe2
Nf6 9. Rd1 Qc7 10. Bf4 Be7 11. Rac1 O-O 12. h3 Rd8 13. Bd3 Qa5 14. g4 h6 15.
Bd2 Qc7 16. Be3 b5 17. Bb1 Qb7 18. g5 hxg5 19. Bxg5 Qb6 20. Be3 Qb7 21. Bg5 Bd7
22. Nh4 Rab8 23. Rd3 b4 24. Nd1 Ne5 25. Rg3 Bb5 26. Qe3 Qb6 27. Qe1 Qa7 28. b3
Nh5 29. Rg2 Bxg5 30. Rxg5 g6 31. Ne3 Qe7 32. Rxh5 gxh5 33. f4 Qxh4 34. fxe5
Qxe1+ 35. Rxe1 dxe5 36. Bc2 Rbc8 37. Bd1 Rd4 0-1

[Event "Mechanics' Fall TNM; G/2"]
[Site "San Francisco"]
[Date "2015.10.27"]
[Round "2.26"]
[White "Anderson, Michael"]
[Black "Chalissery, Jossy"]
[Result "1-0"]
[WhiteElo "1986"]
[BlackElo "1586"]
[Annotator "Donaldson"]
[PlyCount "117"]
[EventDate "2015.??.??"]

1. e4 b6 2. Bc4 Bb7 3. Nc3 e6 4. Nf3 Bb4 5. d3 Nf6 (5... d5 {
can lead to weird complications. For example} 6. exd5 exd5 7. Bb3 d4 8. a3 Ba5
9. O-O dxc3 10. Ng5 Bd5 11. Bxd5 Qxd5 12. b4 {recovering the piece.}) 6. O-O
O-O 7. Bg5 Be7 8. Re1 Nc6 9. e5 Nd5 10. Nxd5 Bxg5 11. Nxc7 Qxc7 12. Nxg5 Nxe5
13. Qh5 h6 {Diagram [#]} 14. Nxe6 {
The start of some interesting tactical intermezzos.} Nf3+ (14... Qc6 15. Nf4
Nxc4 16. dxc4 Qxc4 {might be better.}) 15. Qxf3 fxe6 16. Qg3 Qc6 17. Re2 Rf5
18. f4 Raf8 19. Rf1 Qc5+ 20. Kh1 R8f6 21. c3 Kh7 22. Bb3 Rg6 23. Qh3 Rh5 24. d4
Qb5 25. c4 Rxh3 $2 (25... Qxc4 26. Bxc4 Rxh3) 26. cxb5 Kh8 27. Bc2 (27. f5 $1)
27... Rf6 28. Kg1 Rh4 29. g3 Rh5 30. Re5 Rxe5 31. dxe5 Rf8 32. Bb3 Rc8 33. Rd1
Rc7 34. Kf2 Kg8 35. Ke3 Kf8 36. Kd2 Ke7 37. Rc1 Rxc1 38. Kxc1 d5 39. Kd2 Bc8
40. Kc3 Bd7 41. a4 Be8 42. Bc2 Bf7 43. g4 Be8 44. Kd4 Bf7 45. f5 Bg8 46. Bd1
Bf7 47. Bf3 Bg8 48. h3 Bf7 49. Bg2 Bg8 50. fxe6 Bxe6 51. Bxd5 g5 52. Bxe6 Kxe6
53. Ke4 Ke7 54. Kf5 Kf7 55. e6+ Ke7 56. Ke5 Ke8 57. Kf6 Kf8 58. e7+ Ke8 59. b3
1-0

[Event "Mechanics' Leighton Allen TNM; G/2"]
[Site "San Francisco"]
[Date "2015.08.04"]
[Round "1.19"]
[White "Anderson, Michael"]
[Black "Hilliard, Michael"]
[Result "1-0"]
[WhiteElo "1943"]
[BlackElo "1418"]
[PlyCount "57"]
[EventDate "2015.??.??"]

1. e4 c6 2. d4 d5 3. f3 e6 4. Be3 Nd7 5. Nd2 c5 6. c3 b6 7. exd5 exd5 8. Bb5
Ngf6 9. Bc6 Ba6 10. Bxa8 Qxa8 11. Ne2 Bd3 12. Nf4 Bf5 13. g4 Be6 14. g5 Ng8 15.
Nxe6 fxe6 16. Bf4 Ne7 17. Qe2 Qc6 18. O-O Ng6 19. Bg3 Be7 20. h4 O-O 21. f4 Qd6
22. Rae1 e5 23. f5 Nxh4 24. Bxh4 e4 25. Nxe4 dxe4 26. Qxe4 Bxg5 27. Bxg5 Qg3+
28. Qg2 Qd6 29. Be7 1-0

[Event "Mechanics' Leighton Allen TNM; G/2"]
[Site "San Francisco"]
[Date "2015.09.15"]
[Round "7.9"]
[White "Anderson, Michael"]
[Black "Marcus, Joel"]
[Result "0-1"]
[WhiteElo "1943"]
[BlackElo "1815"]
[PlyCount "82"]
[EventDate "2015.??.??"]

1. e4 e5 2. Nf3 Nf6 3. Nxe5 d6 4. Nf3 Nxe4 5. d4 d5 6. Bd3 Nc6 7. O-O Bg4 8. c4
Nf6 9. cxd5 Nxd5 10. Nc3 Be7 11. Be4 Nf6 12. h3 Bh5 13. Bxc6+ bxc6 14. g4 Bg6
15. Ne5 O-O 16. Bg5 Qd6 17. Qf3 Nd5 18. Bxe7 Nxe7 19. Rfd1 Rab8 20. b3 Rb4 21.
Nc4 Qd7 22. Rac1 f6 23. Na4 Bf7 24. Nc5 Qc8 25. Qc3 Nd5 26. Qg3 f5 27. Ne5 fxg4
28. Nxc6 Rb6 29. Na4 Ra6 30. hxg4 Be8 31. Ne5 Nf4 32. Nc3 {Diagram #} Rh6 $1
33. g5 Nh3+ 34. Kh2 Nxg5+ 35. Kg2 Nh3 36. Nd5 Qb7 37. Rc5 Bf7 38. Nxf7 Rxf7 39.
Re1 Nf4+ 40. Kf1 Rh1+ 41. Qg1 Rxg1+ 0-1

[Event "Mechanics' Leighton Allen TNM; G/2"]
[Site "San Francisco"]
[Date "2015.09.01"]
[Round "5.16"]
[White "Anderson, Michael"]
[Black "McKellar, Daniel"]
[Result "1-0"]
[WhiteElo "1943"]
[BlackElo "1615"]
[PlyCount "65"]
[EventDate "2015.??.??"]

1. e4 e6 2. d4 d5 3. Nc3 dxe4 4. Nxe4 Bd7 5. Nf3 Bc6 6. Bd3 Nd7 7. O-O Ngf6 8.
Nxf6+ Nxf6 9. c3 Bxf3 10. Qxf3 c6 11. Bg5 Be7 12. Rfe1 Qd5 13. Qxd5 Nxd5 14.
Bd2 O-O 15. a3 c5 16. c4 Nc7 17. Bf4 Ne8 18. d5 Rd8 19. Rad1 Bd6 20. dxe6 fxe6
21. Bg5 Nf6 22. Rxe6 Rd7 23. Bxf6 Rxf6 24. Rxf6 gxf6 25. Be2 Kf8 26. g3 Ke7 27.
f4 Bc7 28. Rxd7+ Kxd7 29. Bd3 h6 30. Bf5+ Kd8 31. Kg2 Ba5 32. Kf3 Ke7 33. Ke4 {
and White went on to win a long ending. Remaining moves unplayable.} 1-0

[Event "Mechanics' Fall TNM; G/2"]
[Site "San Francisco"]
[Date "2015.11.10"]
[Round "4.13"]
[White "Anderson, Michael"]
[Black "Rakonitz, David"]
[Result "1-0"]
[WhiteElo "1986"]
[BlackElo "1628"]
[PlyCount "65"]
[EventDate "2015.??.??"]

1. e4 e6 2. d4 d5 3. Nc3 dxe4 4. Nxe4 Nd7 5. Nf3 Ngf6 6. Nxf6+ Nxf6 7. g3 b6 8.
Bg2 Bb7 9. O-O c5 10. Bg5 cxd4 11. Bxf6 Qxf6 12. c3 Bc5 13. Qa4+ Ke7 14. cxd4
Bd6 15. Ne5 Bxg2 16. Qd7+ Kf8 17. Qxd6+ Qe7 18. Qxe7+ Kxe7 19. Kxg2 Rac8 20.
Rac1 a6 21. Kf3 f6 22. Nd3 a5 23. Rxc8 Rxc8 24. Rc1 Rxc1 25. Nxc1 Kd6 26. Ke4
f5+ 27. Kd3 Kd5 28. f4 Kc6 29. a4 h6 30. h4 h5 31. Ne2 Kd6 32. Kc4 Kc6 33. Nc3
1-0

[Event "Mechanics' Winter TNM; 30/90, SD/30"]
[Site "San Francisco"]
[Date "2015.01.27"]
[Round "4.23"]
[White "Anderson, Michael"]
[Black "Sadowsky, Jacob"]
[Result "1-0"]
[WhiteElo "1929"]
[BlackElo "1681"]
[PlyCount "105"]
[EventDate "2015.??.??"]

1. e4 d5 2. exd5 Qxd5 3. Nc3 Qa5 4. d4 c6 5. Nf3 Nf6 6. Bd2 Qc7 7. Bc4 Bg4 8.
O-O Nbd7 9. Re1 e6 10. a4 Bd6 11. h3 Bh5 12. a5 O-O 13. g4 Bg6 14. Nh4 Nd5 15.
Nxg6 hxg6 16. Qf3 N7f6 17. Ne4 Bf4 18. Nxf6+ gxf6 19. Bxf4 Nxf4 20. Re4 g5 21.
h4 Rae8 22. b4 a6 23. Rae1 Qd6 24. c3 Kg7 25. h5 e5 26. Bb3 Rh8 27. Bd1 Qd5 28.
R4e3 Qxf3 29. Rxf3 Re7 30. Rfe3 Rhe8 31. Bb3 Nd5 32. Bxd5 cxd5 33. f3 e4 34.
Kf2 f5 35. gxf5 Kf6 36. fxe4 dxe4 37. Kg3 Rc7 38. Kg4 Rd8 39. h6 Rd5 40. h7 Rd8
41. Rh3 Rh8 42. Rxe4 Kg7 43. Kxg5 f6+ 44. Kf4 Rxh7 45. Ree3 Rxh3 46. Rxh3 Re7
47. Re3 Rc7 48. Ke4 Kh6 49. Rg3 Rc4 50. Kd5 Rc6 51. c4 Kh5 52. c5 Rc7 53. Ke6
1-0

[Event "Mechanics' Summer TNM; G/2"]
[Site "San Francisco"]
[Date "2015.06.09"]
[Round "3.4"]
[White "Anderson, Michael"]
[Black "Sun, James"]
[Result "0-1"]
[WhiteElo "1991"]
[BlackElo "2081"]
[PlyCount "89"]
[EventDate "2015.??.??"]

1. e4 e6 2. d4 d5 3. Nc3 Nc6 4. Nf3 Nf6 5. e5 Nd7 6. Ng5 Bb4 7. a3 Ba5 8. f4 g6
9. Nf3 Ne7 10. b4 Bb6 11. Na4 a6 12. Nxb6 Nxb6 13. Bd3 Bd7 14. Bd2 Bb5 15. Qe2
Qd7 16. O-O h5 17. Ne1 Nf5 18. c3 Qc6 19. Nf3 Ke7 20. Rfc1 Bc4 21. Ne1 Qb5 22.
Qf3 Bxd3 23. Nxd3 Nc4 24. Ra2 b6 25. Qe2 Qa4 26. Rb1 Kd7 27. Qd1 Qxd1+ 28. Rxd1
Kc6 29. a4 Kb7 30. Kf2 Rag8 31. Bc1 Kc6 32. Nb2 Ra8 33. Nxc4 dxc4 34. g3 Kd5
35. Kf3 Kc6 36. Ba3 Ne7 37. b5+ Kd7 38. Bxe7 Kxe7 39. Rb1 Ra7 40. bxa6 Rxa6 41.
Rb4 Rha8 42. Rxc4 Kd7 43. Rb4 Kc6 44. c4 Ra5 45. Ke4 {
White later blundered and lost.} 0-1

[Event "Mechanics' Summer TNM; G/2"]
[Site "San Francisco"]
[Date "2015.06.30"]
[Round "6.7"]
[White "Anderson, Michael"]
[Black "Traub, Igor Vladim"]
[Result "0-1"]
[WhiteElo "1991"]
[BlackElo "2097"]
[PlyCount "66"]
[EventDate "2015.??.??"]

1. e4 g6 2. d4 Bg7 3. Nf3 d6 4. Nc3 Nf6 5. Be3 Nbd7 6. Qd2 Ng4 7. Bg5 h6 8. Bh4
c6 9. h3 Ngf6 10. e5 Nh5 11. O-O-O g5 12. g4 Nf4 13. exd6 exd6 14. Re1+ Ne6 15.
Bg3 d5 16. Bd3 Qf6 17. Bf5 O-O 18. Ne5 Nxe5 19. dxe5 Qe7 20. h4 Bd7 21. hxg5
Nxg5 22. Qe2 b5 23. f4 Ne6 24. Bxe6 fxe6 25. Bh4 Qb4 26. Bg3 Qc4 27. Qxc4 bxc4
28. Na4 Rfe8 29. Bf2 Rab8 30. a3 Rb5 31. Nc5 Bc8 32. b4 cxb3 33. Nxb3 Bf8 $11 {
Both scores end here. Black won in White's time pressure.} 0-1

[Event "Mechanics' Fall TNM; G/2"]
[Site "San Francisco"]
[Date "2015.11.17"]
[Round "5.6"]
[White "Anderson, Michael"]
[Black "Walder, Michael S"]
[Result "1/2-1/2"]
[WhiteElo "1986"]
[BlackElo "2113"]
[PlyCount "77"]
[EventDate "2015.??.??"]

1. e4 c5 2. Nc3 e6 3. f4 d5 4. Bb5+ Nc6 5. Bxc6+ bxc6 6. Nf3 Nf6 7. e5 Nd7 8.
O-O c4 9. b3 Ba6 10. bxc4 Bxc4 11. d3 Ba6 12. Bd2 Bb4 13. Qe1 O-O 14. Ne2 Bc5+
15. Kh1 Rb8 16. Ned4 Qc7 17. Nb3 Ba3 18. Qg3 f5 19. Ng5 Rfe8 20. Ba5 Qc8 21.
Nd4 Nf8 22. Rab1 c5 23. Ne2 Qc6 24. Rb3 Bb4 25. Rfb1 Rb5 26. Bxb4 Rxb4 27. a3
Rxb3 28. Rxb3 Qc7 29. Qe1 Rb8 30. Qb1 Rxb3 31. Qxb3 Qb6 32. Nc1 h6 33. Nf3 Nd7
34. Nd2 Qa5 35. c3 Nb6 36. g3 Na4 37. Nb1 Qb5 38. Qxb5 Bxb5 39. Kg2 {
and eventually a draw after a long time scramble.} 1/2-1/2

[Event "Mechanics' Summer TNM; G/2"]
[Site "San Francisco"]
[Date "2015.05.26"]
[Round "1.15"]
[White "Anderson, Michael"]
[Black "Yamamoto, Craig"]
[Result "1-0"]
[WhiteElo "1991"]
[BlackElo "1518"]
[PlyCount "33"]
[EventDate "2015.??.??"]

1. e4 e5 2. Nf3 Nc6 3. d4 exd4 4. Nxd4 Nge7 5. Be3 g6 6. Nc3 Bg7 7. Bc4 a6 8.
a4 b6 9. O-O O-O 10. f4 Na5 11. Be2 Bb7 12. f5 Nec6 13. Nd5 Nxd4 14. Bxd4 Bxd4+
15. Qxd4 Nc6 16. Nf6+ Kh8 17. Qc3 1-0

[Event "Mechanics' Spring TNM; G/2"]
[Site "San Francisco"]
[Date "2015.03.31"]
[Round "3.13"]
[White "Anderson, Michael Gene"]
[Black "Drane, Robert"]
[Result "0-1"]
[WhiteElo "1900"]
[BlackElo "1800"]
[PlyCount "94"]
[EventDate "2015.??.??"]

1. e4 Nf6 2. e5 Nd5 3. c4 Nb6 4. d4 d6 5. exd6 exd6 6. Bd3 Nc6 7. Ne2 Nb4 8.
Nbc3 Nxd3+ 9. Qxd3 Be7 10. O-O O-O 11. b3 Bd7 12. Be3 Qc8 13. Ng3 f5 14. f4 Qd8
15. Rad1 Be6 16. Rfe1 g6 17. Re2 d5 18. Bf2 Bf7 19. Rde1 dxc4 20. Qf3 Bf6 21.
Qxb7 Qd7 22. b4 Bxd4 23. Rd1 Qc8 24. Qf3 Bxf2+ 25. Qxf2 c6 26. Nf1 Nd5 27. Nxd5
cxd5 28. Ne3 Qc6 29. Nc2 Qb6 30. Rd4 Rfe8 31. Red2 Rad8 32. g3 Re4 33. a3 Rde8
34. Kf1 a5 35. Kg1 c3 36. Rxe4 cxd2 37. Rxe8+ Bxe8 38. Ne3 Qxe3 39. Qxe3 d1=Q+
40. Kg2 Bf7 41. Qe5 d4 42. Qb8+ Kg7 43. Qe5+ Kh6 44. Qc5 Qe2+ 45. Kh3 d3 46.
Qf8+ Kh5 47. Qxf7 Qf1# 0-1